000 00660nam a22002537a 4500
003 UA-OsUOA
001 23402
007 ta
008 20040121b un ||||| |||| 00| 0 ukr d
100 _aШвачич Г.Г.
090 _a512.64
_bШ33
942 _cBK
040 _aUA-OsUOA
_bukr
_cUA-OsUOA
_dUA-OsUOA
245 _aЛінійна алгебра в розрахунках середовища MAthcad
_bПідручник
300 _a236 с.
955 _a0
041 _aukr
080 _a512.64
020 _a966-7479-21-8
260 _aДніпропетровськ
_bДАУБП
_c236
044 _aUA
650 7 _2UDC
999 _c309649
_d309649